| 000 | 00592nam a2200217Ia 4500 | ||
|---|---|---|---|
| 003 | OSt | ||
| 005 | 20260327101501.0 | ||
| 008 | 210210b1958 xxu||||| |||| 00| 0 eng d | ||
| 040 | _cAL | ||
| 041 | _aHindi | ||
| 082 | _a869/109 | ||
| 100 |
_aGIBRAN (Khaleel) _dखलील जिब्रान _9259510 |
||
| 245 |
_aGhati ki pariyan _bघाटी की परियां |
||
| 260 |
_aDelhi _bHindi Sahity Samsar _c1958 |
||
| 650 |
_apariyan _9259511 |
||
| 650 |
_aki _9259512 |
||
| 650 |
_aGhaTi _9259513 |
||
| 690 |
_aHindi Fiction _9259514 |
||
| 906 | _a023908 | ||
| 942 |
_2ddc _cBK |
||
| 999 |
_c148873 _d148873 |
||